000 00959nas a2200301 4500
001 BR2013004944
003 BR-BrBNA
005 20231205122519.0
007 ta
008 230509b bl.|||p| |||| 00| 00por d
040 _aBR-BrBNA
_bpor
_cBiblioteca Nacional de Agricultura
041 _a(En)
072 _aP35; P33
100 1 _aBonilha, R.M.
100 1 _aCasagrande, J.C.
100 1 _aSoares, M.R.
100 1 _aReis-Duarte, R.M.
245 1 _aCharacterization of the soil fertility and root system of restinga forests
650 _aFLORESTA
650 _aRESTINGA
650 _aFERTILIDADE DO SOLO
650 _aANÁLISE DO SOLO
650 _aPROPRIEDADE FÍSICO-QUÍMICA
773 0 _tRevista Brasileira de Ciência do Solo (Brazil)
_xISSN 0100-0683
_g(Nov-Dec 2012), v. 36(6) p. 1804-1813
_wBR2013004944
856 4 0 _uhttp://www.scielo.br/pdf/rbcs/v36n6/14.pdf
909 _a202311
_bLúcia
_c55
_dLúcia Elande
942 _2AGRIS
_n0
_cANA
999 _c229056
_d229056